| 000 | 01458nam a2200205 a 4500 | ||
|---|---|---|---|
| 003 | PILC | ||
| 005 | 20250530114845.0 | ||
| 008 | 060503s1987 xx 00 eng d | ||
| 010 | _aAcc#31024 | ||
| 020 | _a0913573779 | ||
| 040 | _cPhilippine Baptist Theological Seminary | ||
| 050 |
_aBT 88 _bT34 1987 |
||
| 245 | 1 | 0 |
_aTheology and authority : _bmaintaining a tradition of tension / _cedited by Richard Penaskovic. |
| 264 |
_aPeabody, MA : _bHendrickson Publishers, _c©1987. |
||
| 300 | _axvi, 130 p. ; 22 cm. | ||
| 500 | _aIncludes bibliographical references | ||
| 505 | _aAbout the contributors -- Foreword: theology and authority -- Acknowledgements -- Introduction: every context includes a context -- Part 1 -- 1. Authority: the New Testament and first-century Judaism in cultural perspective -- 2. Jesus and the language of authority -- 3. Power or powerlessness: the vision Francis of Assisi -- 4. Re-thinking authority: imaginative options and the modernist controversy -- 5. The contemporary theologian: teacher, prophet, doctor -- Part 2 -- 6. Theology and authority: a cross-cultural analysis of theological scripts -- 7. Theology, hierarchy, and power -- 8. Episcopal teaching authority on matters of war and economics -- 9. Stages of authority: Kung vs. the Vatican in Fowler's categories -- 10. Theology and authority: the theological issues | ||
| 650 |
_aAUTHORITY _xRELIGION ASPECTS _xCHRISTIANITY |
||
| 942 |
_cCB _2lcc |
||
| 999 |
_c12997 _d12997 |
||